You talkin' to me? : (Record no. 6696)

MARC details
000 -LEADER
fixed length control field 01351cam a2200277 4500
001 - CONTROL NUMBER
control field 7798
003 - CONTROL NUMBER IDENTIFIER
control field OCoLC
005 - DATE AND TIME OF LATEST TRANSACTION
control field 20181127184408.0
008 - FIXED-LENGTH DATA ELEMENTS--GENERAL INFORMATION
fixed length control field 110614s2011 enkac b 001 0 eng d
020 ## - INTERNATIONAL STANDARD BOOK NUMBER
International Standard Book Number 1846683165
Terms of availability (pbk.)
International Standard Book Number 9781846683169
Terms of availability (pbk.)
Canceled/invalid ISBN 1846683157
Terms of availability (hbk.)
Canceled/invalid ISBN 1847654258
Terms of availability (ebook)
Canceled/invalid ISBN 9781846683152
Terms of availability (hbk.)
Canceled/invalid ISBN 9781847654250
Terms of availability (ebook)
100 1# - MAIN ENTRY--PERSONAL NAME
Personal name Leith, Sam
245 10 - TITLE STATEMENT
Title You talkin' to me? :
Remainder of title rhetoric from Aristotle to Obama /
Statement of responsibility, etc. Sam Leith
260 ## - PUBLICATION, DISTRIBUTION, ETC.
Place of publication, distribution, etc. London, England :
Name of publisher, distributor, etc. Profile Books,
Date of publication, distribution, etc. 2011
300 ## - PHYSICAL DESCRIPTION
Extent 296 p. :
Other physical details ill., ports. ;
Dimensions 23 cm
500 ## - GENERAL NOTE
General note Paperback edition published in 2012
504 ## - BIBLIOGRAPHY, ETC. NOTE
Bibliography, etc. note Includes bibliographical references and index
505 0# - FORMATTED CONTENTS NOTE
Formatted contents note CONTENTS: Introduction -- Rhetoric Then and Now -- The first part of rhetoric: Invention --The three branches of Oratory -- Thus It Can Be Shown -- Appendix: Glossary and Key Concepts
520 ## - SUMMARY, ETC.
Summary, etc. Rhetoric is what gives words power. It's nothing to be afraid of. It isn't the exclusive preserve of politicians: it's everywhere, from your argument with the insurance company to your plea to the waitress for a table near the window. This book examines how people have taught, practiced and thought about rhetoric from its Attic origins onwards.
650 #0 - SUBJECT ADDED ENTRY--TOPICAL TERM
Topical term or geographic name entry element Rhetoric
Topical term or geographic name entry element Rhetoric
General subdivision History
Holdings
Withdrawn status Lost status Source of classification or shelving scheme Damaged status Not for loan Collection code Home library Current library Shelving location Serial Enumeration / chronology Inventory number Total Checkouts Full call number Barcode Date last seen Copy number Price effective from Koha item type
    Dewey Decimal Classification     Main TEST RTC Library RTC Library Main opac 11774   808.04 LEI 30012857 27/11/2018 2 27/11/2018 Main
    Dewey Decimal Classification     Main TEST RTC Library RTC Library Main opac 11775   808.04 LEI 30012595 27/11/2018 3 27/11/2018 Main
    Dewey Decimal Classification     Main TEST RTC Library RTC Library Main opac 11773   808.04 LEI 30012334 27/11/2018 1 27/11/2018 Main
Royal Thimphu College || All Right Reserved